Essential University Physics Vol 1 (Record no. 531386)

000 -LEADER
fixed length control field 00342nam a2200133Ia 4500
008 - FIXED-LENGTH DATA ELEMENTS--GENERAL INFORMATION
fixed length control field 191014s9999 xx 000 0 und d
020 ## - INTERNATIONAL STANDARD BOOK NUMBER
International Standard Book Number 978-81-317-2193-3
082 ## - DEWEY DECIMAL CLASSIFICATION NUMBER
Classification number 530
Author Mark WOL
100 ## - MAIN ENTRY--PERSONAL NAME
Personal name Richard Wolfson
9 (RLIN) 23861
245 #0 - TITLE STATEMENT
Title Essential University Physics Vol 1
260 ## - PUBLICATION, DISTRIBUTION, ETC.
Place of publication, distribution, etc. India
Name of publisher, distributor, etc. Pearson
Date of publication, distribution, etc. 2009
300 ## - PHYSICAL DESCRIPTION
Extent Xviii,325
942 ## - ADDED ENTRY ELEMENTS (KOHA)
Koha item type Book
Holdings
Withdrawn status Lost status Damaged status Not for loan Permanent Location Current Location Date acquired Source of acquisition Cost, normal purchase price Total Checkouts Full call number Barcode Date last seen Date last checked out Price effective from Koha item type
        School of Natural Sciences (SNS) School of Natural Sciences (SNS) 10/15/2019 Tahir Zareef Kayani 0.00 1 530WOL SNS0003163 04/14/2026 02/19/2026 10/15/2019 Book
© 2023 Central Library, National University of Sciences and Technology. All Rights Reserved.